10th Berlin Biennale for Contemporary Art: We Don't Need Another Hero (Record no. 1568)

MARC details
000 -LEADER
campo de control de longitud fija 01106nam a22001577a 4500
008 - DATOS DE LONGITUD FIJA--INFORMACIÓN GENERAL
campo de control de longitud fija 180803b xxu||||| |||| 00| 0 eng d
020 ## - NÚMERO INTERNACIONAL ESTÁNDAR DEL LIBRO
Número Internacional Estándar del Libro 9783000596131
082 ## - NÚMERO DE LA CLASIFICACIÓN DECIMAL DEWEY
Número de clasificación 700.74
Número de ítem B588b
100 ## - ENTRADA PRINCIPAL--NOMBRE DE PERSONA
Nombre de persona Ngcobo, Gabi et al. (Curadores)
9 (RLIN) 6562
110 ## - ENTRADA PRINCIPAL--NOMBRE DE ENTIDAD CORPORATIVA
Nombre de entidad corporativa o nombre de jurisdicción como elemento de entrada KUNST-WERKE BERLIN e. V. (Organizador)
9 (RLIN) 6563
245 ## - MENCIÓN DEL TÍTULO
Título 10th Berlin Biennale for Contemporary Art: We Don't Need Another Hero
260 ## - PUBLICACIÓN, DISTRIBUCIÓN, ETC.
Lugar de publicación, distribución, etc. Germany
Nombre del editor, distribuidor, etc. 10th Berlin Biennale for Contemporary Art
Fecha de publicación, distribución, etc. 2018
300 ## - DESCRIPCIÓN FÍSICA
Extensión 296 p.
Otras características físicas ill (col).
Dimensiones 14.7 cm
505 ## - NOTA DE CONTENIDO CON FORMATO
Título Index of Artists
-- Maps
-- Exhibition Venues
-- Tickets and Prices
-- Tours
-- Mediation Program
-- I'M NOT WHO YOU THINK I'M NOT Public Program
-- I'M NOT WHO YOU THINK I'M NOT A MANIFESTO
Mención de responsabilidad Ngcobo, Gabi et al.
Título DEAR HISTORY, WE DON'T NEED ANOTHER HERO
Mención de responsabilidad Ngcobo, Gabi
Título Akademie der Künste
-- HAU Hebbel am Ufer (HAU2)
-- KW Institute for Contemporary Art
-- Volksbühne Pavilion
-- ZK/U - Center for Art and Urbanistics
-- List of Works
-- Image Credits
-- Lenders
-- Support
-- Team 10th Berlin Biennale
-- Thanks
-- Colophon
650 ## - PUNTO DE ACCESO ADICIONAL DE MATERIA--TÉRMINO DE MATERIA
Fuente del encabezamiento o término Arte Contemporaneo
Subdivisión general Arte - exhibiciones
-- Arte - bienales
-- Arte - festivales
Subdivisión geográfica Arte - Berlín
9 (RLIN) 6564
Holdings
Estatus retirado Estado de pérdida Fuente del sistema de clasificación o colocación Estado de daño No para préstamo Biblioteca de origen Biblioteca actual Ubicación en estantería Fecha de adquisición Total de préstamos Signatura topográfica completa Código de barras Visto por última vez Precio de reemplazo Tipo de ítem Koha
    Clasificación Decimal Dewey     Biblioteca LadoV Biblioteca LadoV   03/08/2018   700.74 B588b 004648 03/08/2018 03/08/2018 Material 01